LEADER 01140nam 2200301Ia 450 001 996384290203316 005 20221108041247.0 035 $a(CKB)1000000000595145 035 $a(EEBO)2240988445 035 $a(OCoLC)12260622 035 $a(EXLCZ)991000000000595145 100 $a19850712d1657 uy | 101 0 $aeng 135 $aurbn||||a|bb| 200 10$aDu Vergers humble reflections vpon some passages of the Right Honorable the Lady Marchionesse of Nevvcastles Olio, or, An appeale from her mes-informed, to her ovvne better informed iudgement$b[electronic resource] 210 $aPrinted at London $c[s.n.]$d1657 215 $a[7], 168 p 300 $aReproduction of original in Huntington Library. 330 $aeebo-0113 700 $aDu Verger$b S$01012710 801 0$bEAA 801 1$bEAA 801 2$bm/c 801 2$bWaOLN 906 $aBOOK 912 $a996384290203316 996 $aDu Vergers humble reflections vpon some passages of the Right Honorable the Lady Marchionesse of Nevvcastles Olio, or, An appeale from her mes-informed, to her ovvne better informed iudgement$92403846 997 $aUNISA LEADER 00892nam a2200253 i 4500 001 991002306269707536 005 20020508194001.0 008 010518s1987 uk ||| | eng 020 $a0714633208 035 $ab10989523-39ule_inst 035 $aPARLA159149$9ExL 040 $aDip.to Filol. Class. e di Scienze Filosofiche$bita 082 0 $a306.3620938 100 1 $aFinley, Moses I.$0121381 245 10$aClassical slavery /$cedited by M.I. Finley 260 $aLondon :$bFrank Cass,$cc1987 300 $aviii, 122 p. ;$c23 cm. 650 4$aSchiavitł$yAntichitą classica 907 $a.b10989523$b02-04-14$c28-06-02 912 $a991002306269707536 945 $aLE007 303 FIN 01.01$g1$i2007000056264$lle007$o-$pE0.00$q-$rl$s- $t0$u0$v0$w0$x0$y.i11104004$z28-06-02 996 $aClassical slavery$9864652 997 $aUNISALENTO 998 $ale007$b01-01-01$cm$da $e-$feng$guk $h0$i1